اقتصاد المعرفة : (رقم التسجيلة. 25293)

تفاصيل مارك
000 -الفاتح
حقل البيانات ثابتة الطول 00803nam a22002057a 4500
003 - محدد رقم الضبط
رقم الضبط OSt
005 - وقت وتاريخ اخر تعامل مع التسجيلة
رقم الضبط 20150408114054.0
008 - عناصر البيانات ثابتة الطول - معلومات عامة
حقل البيانات ثابتة الطول 120729s ua ||||f |||| 00| 0 eng d
020 ## - الرقم الدولى المعيارى للكتب
الرقم الدولى المعيارى للكتاب 9789773164010
040 ## - مصدر الفهرسة
وكالة الفهرسة الأصلية MU
082 ## - رقم تصنيف ديوى العشرى
رقم الطبعة 21
رقم التصنيف 330.1
رقم المادة ز ف ا
100 ## - المدخل الرئيسى - إسم شخصى
الإسم الشخصى الزيات، فتحي
9 (RLIN) 16698
245 ## - بيان العنوان
العنوان اقتصاد المعرفة :
بقية العنوان نحو منظور أشمل للأصول المعرفية : الحرية والديموقراطية والعدالة الاجتماعية أصولا معرفية /
بيان المسئوليه,etc فتحي الزيات.
250 ## - بيان الطبعة
بيان الطبعة ط. 1.
260 ## - PUBLICATION, DISTRIBUTION, ETC. (IMPRINT)
مكان الناشر او الموزع القاهرة :
اسم الناشر او الموزع دار النشر للجامعات،
تاريخ النشر أو التوزيع 2011
300 ## - الوصف المادى
التعداد 732 ص. :
تفاصيل ماديه اخرى للوعاء جداول ؛
أبعاد الوعاء 24 سم.
504 ## - تبصرة ببليوجرافية
تبصرة ببليوجرافية,الخ ببليوجرافية : ص. 709-731.
650 ## - المدخل الاضافى بالموضوع-مصطلح موضوعى
مصطلح موضوعي أو اسم جغرافي كعنصر مدخل الاقتصاد
التقسيم الفرعي العام فلسفة.
9 (RLIN) 16699
942 ## - عناصر المدخل الإضافي( كوها)
مصدر التصنيف او مخطط الترفيف Dewey Decimal Classification
Koha [default] item type DVD
المقتنيات
حالة الفقد نموذج السعر الفعال حالة تلف ليس للاعارة رقم الطلب رقم النسخة تاريخ الاكتساب الموقع الحالي الباركود الفرع الرئيسي Date last seen نوع المادة فى نظام كوها مصدر التصنيف او خطة الترفيف Total Checkouts Date last checked out
  2013-03-10     330.1 ز ف ا ن. 1 2012-07-29 المكتبة المركزية بالمجمعة (CL) 00109267 المكتبة المركزية بالمجمعة (CL) 2013-03-10 كتاب Dewey Decimal Classification    
  2013-03-10     330.1 ز ف ا ن. 2 2012-07-29 المكتبة المركزية بالمجمعة (CL) 00109259 المكتبة المركزية بالمجمعة (CL) 2013-03-10 كتاب Dewey Decimal Classification    
  2013-03-10     330.1 ز ف ا ن. 3 2012-07-29 المكتبة المركزية بالمجمعة (CL) 00109260 المكتبة المركزية بالمجمعة (CL) 2023-01-03 كتاب Dewey Decimal Classification 1 2022-11-28
  2013-03-10     330.1 ز ف ا ن. 1 2012-07-29 قسم الاجراءات الفنية (IC) 00109261 قسم الاجراءات الفنية (IC) 2013-03-10 كتاب Dewey Decimal Classification    
  2013-03-10     330.1 ز ف ا ن. 2 2012-07-29 قسم الاجراءات الفنية (IC) 00109262 قسم الاجراءات الفنية (IC) 2013-03-10 كتاب Dewey Decimal Classification    
  2013-03-10     330.1 ز ف ا ن. 1 2012-07-29 مكتبة كلية العلوم و الدراسات الإنسانية برماح - طالبات (SRF) 00109263 مكتبة كلية العلوم و الدراسات الإنسانية برماح - طالبات (SRF) 2013-03-10 كتاب Dewey Decimal Classification    
  2013-03-10     330.1 ز ف ا ن. 2 2012-07-29 مكتبة كلية العلوم و الدراسات الإنسانية برماح - طالبات (SRF) 00109264 مكتبة كلية العلوم و الدراسات الإنسانية برماح - طالبات (SRF) 2013-03-10 كتاب Dewey Decimal Classification    
  2013-03-10     330.1 ز ف ا ن. 1 2012-07-29 مكتبة كلية العلوم و الدراسات الإنسانية برماح - طلاب (SRM) 00109265 مكتبة كلية العلوم و الدراسات الإنسانية برماح - طلاب (SRM) 2013-03-10 كتاب Dewey Decimal Classification    
  2013-03-10     330.1 ز ف ا ن. 2 2012-07-29 مكتبة كلية العلوم و الدراسات الإنسانية برماح - طلاب (SRM) 00109266 مكتبة كلية العلوم و الدراسات الإنسانية برماح - طلاب (SRM) 2013-03-10 كتاب Dewey Decimal Classification